UM Logo

Warning out on tampered, expired food/ (Record no. 13547)

MARC details
000 -LEADER
fixed length control field 00348nam a2200121 4500
008 - FIXED-LENGTH DATA ELEMENTS--GENERAL INFORMATION
fixed length control field 190328b ||||| |||| 00| 0 eng d
100 ## - MAIN ENTRY--PERSONAL NAME
9 (RLIN) 37827
Personal name De Vera, Analou
245 ## - TITLE STATEMENT
Title Warning out on tampered, expired food/
Statement of responsibility, etc. Analou De Vera
260 ## - PUBLICATION, DISTRIBUTION, ETC. (IMPRINT)
Place of publication, distribution, etc. Philippines
Name of publisher, distributor, etc. Manila Bulletin
Date of publication, distribution, etc. c2018
300 ## - PHYSICAL DESCRIPTION
Extent page 5.
650 #0 - SUBJECT ADDED ENTRY--TOPICAL TERM
9 (RLIN) 37828
Topical term or geographic name as entry element Food.
942 ## - ADDED ENTRY ELEMENTS (KOHA)
Source of classification or shelving scheme Dewey Decimal Classification
Koha item type Periodicals
Holdings
Withdrawn status Lost status Source of classification or shelving scheme Damaged status Not for loan Collection code Home library Current library Date acquired Total Checkouts Date last seen Price effective from Koha item type Public note
    Dewey Decimal Classification     Periodicals UM Digos College - LIC UM Digos College - LIC 03/28/2019   03/28/2019 03/28/2019 Periodicals Newspaper Clippings